Securing a rewarding retirement : how to really understand pensions and prepare successfully for your retirement /

Bibliographic Details
Main Author: Toulson, Norman, 1920-
Corporate Author: NetLibrary, Inc
Format: eBook
Language:English
Published: Plymouth : How To Books, 1998.
Subjects:
Online Access:Connect to the full text of this electronic book

MARC

Tag First Indicator Second Indicator Subfields
LEADER 00000cam a2200000La 4500
001 in00001752421
005 20220105121148.0
006 m u
007 cr cn-
008 000807s1998 enka sb 001 0 eng d
020 |a 0585250030 (electronic bk.) :  |c $14.99 
020 |z 1857032861 (pbk.) 
035 |a (OCoLC)ocm44964803 
040 |a N$T  |c N$T  |d OCL  |d UtOrBLW 
049 |a IKMN 
082 0 4 |a 331.252  |2 21 
100 1 |a Toulson, Norman,  |d 1920-  |0 http://id.loc.gov/authorities/names/n85127902 
245 1 0 |a Securing a rewarding retirement :  |b how to really understand pensions and prepare successfully for your retirement /  |c Norman Toulson. 
264 1 |a Plymouth :  |b How To Books,  |c 1998. 
300 |a 128 pages :  |b illustrations ;  |c 22 cm. 
336 |a text  |b txt  |2 rdacontent 
337 |a computer  |b c  |2 rdamedia 
338 |a online resource  |b cr  |2 rdacarrier 
504 |a Includes bibliographical references and index. 
533 |a Electronic reproduction.  |b Boulder, Colo. :  |c NetLibrary,  |d 2000.  |n Available via the World Wide Web.  |n Available in multiple electronic file formats.  |n Access may be limited to NetLibrary affiliated libraries. 
500 |a Electronic resource. 
650 0 |a Pensions.  |0 http://id.loc.gov/authorities/subjects/sh85099592 
650 0 |a Retirement  |x Planning.  |0 http://id.loc.gov/authorities/subjects/sh94006885 
655 7 |a Electronic books.  |2 local 
710 2 |a NetLibrary, Inc.  |0 http://id.loc.gov/authorities/names/no99080690 
856 4 1 |u https://proxy.library.tamu.edu/login?url=http://www.netLibrary.com/urlapi.asp?action=summary&v=1&bookid=25415  |z Connect to the full text of this electronic book  |t 0 
994 |a 92  |b IKM 
999 |a MARS 
999 f f |s 19e29f68-587f-39e7-9a19-ecdb7413e636  |i 75dfdb73-db14-3858-bec7-d41fe00022a9  |t 0 
952 f f |a Texas A&M University  |b College Station  |c Electronic Resources  |d Available Online  |t 0  |h No information provided 
998 f f |t 0  |l Available Online